00473nam a2200193 a 4500001001300000003000900013005001700022008004100039020000900080082001600089100001700105245003200122260003600154300000900190500003500199505001000234650001800244700001700262nice12345678IN_TiNIC20260116012611.0050524s1979 boma grp 000 0 eng  ac6000a297.09bFAQ aFaqih, Irfan aGlimpses of Islamic History aBombaybShalimar Printersc1979 a204p aincludes index and biblioraphy2 aIndex aIslam-History1 aFaqih, Irfan